000 00854nas a2200289 4500
001 BR2014000593
003 BR-BrBNA
005 20231205123640.0
007 ta
008 230509b bl.|||p| |||| 00| 00por d
040 _aBR-BrBNA
_bpor
_cBiblioteca Nacional de Agricultura
041 _a(Pt)
072 _aF61; F01
100 1 _aKurihara, C.H.
100 1 _aVenegas, V.H.A.
100 1 _aNeves, J.C.L.
100 1 _aNovais, R.F. de
245 1 _aAcúmulo de matéria seca e nutrientes em soja, como variável do potencial produtivo
650 _aSOJA
650 _aMATÉRIA SECA
650 _aNUTRIENTE
650 _aADUBAÇÃO
650 _aVALOR NUTRITIVO
773 0 _tRevista Ceres (Brazil)
_xISSN 0034-737X
_g(Sep-Oct 2013), v. 60(5) p. 690-698
_wBR2014000593
909 _a202311
_bLúcia
_c55
_dLúcia Elande
942 _2AGRIS
_n0
_cANA
999 _c234982
_d234982